MDQL
is popping MORE tags! Check the
thread
!
Quizzes
Events
Quiz Creation
Community
Videos
Private Events
Remove Ads
Sign In
Join for FREE
Feedback
Dark Mode
Quiz Categories
Sports
Geography
Music
Movies
Television
Just For Fun
Miscellaneous
History
Literature
Language
Science
Gaming
Entertainment
Religion
Holiday
For Kids
Quiz Lab
Recent
Popular Today
Quiz Kudos Today
Editor Picks
Curator Picks
Quizzes by...
Day
Popularity
Type
Ratings
Length
Year
Community
Subscriptions
Recent Discussions
Orange Saloon
Badges
Playlists
Quests
Create
Leaderboards
Showdown
Live 5
Trivia Bingo
Activity
Puzzle Library
Sporcle Events
Private Events
Virtual Trivia
Globe League
Become a Host
Pub Owners
SporcleCon
Opinionation
Our Games
Videos
Blog
Mobile Apps
Partnerships
Remove Ads and Go Orange
Feedback
Sports
Athletes
MLB
NBA
NHL
NFL
Soccer
Sports Teams
WWE
NCAA
Football
Premier League
Basketball
Baseball
Hockey
Golf
Tennis
Cricket
Rugby
Auto Racing
Olympics
World Cup
Sports
Athletes
MLB
NBA
NHL
NFL
Soccer
Sports Teams
WWE
NCAA
Football
Premier League
Basketball
Baseball
Hockey
Golf
Tennis
Cricket
Rugby
Auto Racing
Olympics
World Cup
Random Quiz
Search Sporcle
×
Quiz Lab
Quiz Lab
Sports
NHL
Type in answers that appear in a list
Type in answers that appear in a list
Classic
Best Score? Go Orange.
NHL Teams Best Line-up: 2012-13 Stats
Can you name the top scoring player at each position and goalie with the best GAA for each NHL team in 2012-13?
By
nscox
15m
180 Questions
328 Plays
328 Plays
328 Plays
Comments
Comments
Give Quiz Kudos
Give Quiz Kudos
-
- Ratings
hide this ad
More Info
Replay
Link that replays current quiz
Next Quiz
Link to next quiz in quiz playlist
You Got
0%
They Got
Avg Score
50%
Avg Friend Score
Upgrade to see
Score Distribution
Jump to the score distribution portion of the page
Score
0/180
Timer
15:00
0
Plays Today
Team
Player
% Correct
Anaheim Ducks
Ryan Getzlaf
92.7%
Anaheim Ducks
Corey Perry
90.9%
Chicago Blackhawks
Patrick Kane
86.6%
Boston Bruins
Zdeno Chara
85.1%
Boston Bruins
Tuukka Rask
84.8%
Chicago Blackhawks
Jonathan Toews
84.8%
Pittsburgh Penguins
Sidney Crosby
84.5%
Carolina Hurricanes
Eric Staal
83.8%
New York Islanders
John Tavares
80.2%
Detroit Red Wings
Pavel Datsyuk
79.3%
Chicago Blackhawks
Duncan Keith
79%
Los Angeles Kings
Anze Kopitar
79%
Minnesota Wild
Niklas Backstrom
78.7%
Detroit Red Wings
Henrik Zetterberg
78.4%
Buffalo Sabres
Ryan Miller
78%
Edmonton Oilers
Taylor Hall
78%
Chicago Blackhawks
Corey Crawford
77.7%
Philadelphia Flyers
Claude Giroux
77.1%
Chicago Blackhawks
Brent Seabrook
76.8%
New York Rangers
Rick Nash
76.8%
Washington Capitals
Alex Ovechkin
76.8%
Minnesota Wild
Zach Parise
75.9%
Montreal Canadiens
Carey Price
75.6%
Tampa Bay Lightning
Steven Stamkos
75.3%
Vancouver Canucks
Henrik Sedin
75.3%
Vancouver Canucks
Daniel Sedin
75.3%
Dallas Stars
Jamie Benn
75%
Detroit Red Wings
Jimmy Howard
74.7%
Nashville Predators
Shea Weber
74.7%
Los Angeles Kings
Jonathan Quick
74.4%
Ottawa Senators
Craig Anderson
74.4%
Boston Bruins
David Krejci
74.1%
Carolina Hurricanes
Cam Ward
74.1%
Nashville Predators
Pekka Rinne
74.1%
Boston Bruins
Brad Marchand
73.5%
Montreal Canadiens
P.K. Subban
73.5%
San Jose Sharks
Joe Thornton
73.5%
Minnesota Wild
Mikko Koivu
72.9%
Minnesota Wild
Ryan Suter
72.9%
New York Rangers
Henrik Lundqvist
72.9%
Phoenix Coyotes
Mike Smith
72.6%
Pittsburgh Penguins
Kris Letang
72.6%
Tampa Bay Lightning
Martin St. Louis
72.3%
Pittsburgh Penguins
Marc-Andre Fleury
72%
Buffalo Sabres
Thomas Vanek
71.6%
Los Angeles Kings
Drew Doughty
71.6%
New Jersey Devils
Martin Brodeur
71.6%
Toronto Maple Leafs
Phil Kessel
71%
Colorado Avalanche
Matt Duchene
70.4%
Edmonton Oilers
Jordan Eberle
66.8%
Vancouver Canucks
Cory Schneider
66.8%
New Jersey Devils
Patrik Elias
66.2%
Pittsburgh Penguins
Chris Kunitz
66.2%
Buffalo Sabres
Jason Pominville
65.5%
Columbus Blue Jackets
Sergei Bobrovsky
65.5%
Washington Capitals
Mike Green
65.5%
Ottawa Senators
Daniel Alfredsson
64.6%
Detroit Red Wings
Niklas Kronwall
62.8%
San Jose Sharks
Antti Niemi
62.8%
Columbus Blue Jackets
Jack Johnson
62.5%
Team
Player
% Correct
Montreal Canadiens
Andrei Markov
61.9%
Dallas Stars
Kari Lehtonen
61.6%
St. Louis Blues
David Backes
61.6%
St. Louis Blues
David Backes
61.6%
Montreal Canadiens
Max Pacioretty
61.3%
Winnipeg Jets
Andrew Ladd
61.3%
Toronto Maple Leafs
Dion Phaneuf
61%
Carolina Hurricanes
Alexander Semin
60.4%
Phoenix Coyotes
Keith Yandle
60.4%
San Jose Sharks
Dan Boyle
60.4%
Edmonton Oilers
Devan Dubnyk
59.8%
Montreal Canadiens
Tomas Plekanec
59.8%
Winnipeg Jets
Dustin Byfuglien
59.8%
New York Islanders
Evgeni Nabokov
57.9%
Washington Capitals
Braden Holtby
57.3%
Toronto Maple Leafs
James Reimer
57%
Phoenix Coyotes
Oliver Ekman-Larsson
56.7%
St. Louis Blues
Alex Pietrangelo
56.7%
Philadelphia Flyers
Jakub Voracek
56.4%
Winnipeg Jets
Ondrej Pavelec
56.1%
New York Islanders
Matt Moulson
55.5%
Philadelphia Flyers
Ilya Bryzgalov
55.2%
Winnipeg Jets
Blake Wheeler
55.2%
St. Louis Blues
Brian Elliott
54.6%
Boston Bruins
Dennis Seidenberg
54.3%
Dallas Stars
Jaromir Jagr
54.3%
Los Angeles Kings
Justin Williams
54.3%
Colorado Avalanche
Jean-Sebastien Giguere
53.7%
Florida Panthers
Brian Campbell
53.4%
New York Islanders
Mark Streit
53%
New Jersey Devils
Travis Zajac
52.7%
Tampa Bay Lightning
Victor Hedman
52.7%
Dallas Stars
Loui Eriksson
52.1%
San Jose Sharks
Brent Burns
52.1%
New York Rangers
Derek Stepan
51.8%
New York Rangers
Ryan Callahan
51.5%
Boston Bruins
Nathan Horton
50%
Nashville Predators
David Legwand
49.4%
Anaheim Ducks
Viktor Fasth
49.1%
Anaheim Ducks
Francois Beauchemin
48.8%
Calgary Flames
Mike Cammalleri
48.8%
New York Rangers
Ryan McDonagh
48.2%
Ottawa Senators
Kyle Turris
47.6%
Toronto Maple Leafs
James van Riemsdyk
47.6%
Vancouver Canucks
Alexander Edler
47.6%
Washington Capitals
Mike Ribeiro
47.3%
Philadelphia Flyers
Kimmo Timonen
47%
Florida Panthers
Jonathan Huberdeau
46.6%
Phoenix Coyotes
Radim Vrbata
46.3%
Toronto Maple Leafs
Joffrey Lupul
46.3%
Edmonton Oilers
Ryan Whitney
46%
Pittsburgh Penguins
Paul Martin
45.7%
Chicago Blackhawks
Brandon Saad
44.2%
Edmonton Oilers
Sam Gagner
44.2%
Nashville Predators
Martin Erat
44.2%
Florida Panthers
Jacob Markstrom
43.9%
St. Louis Blues
Kevin Shattenkirk
42.7%
Washington Capitals
John Carlson
42.4%
Edmonton Oilers
Justin Schultz
42.1%
Buffalo Sabres
Christian Ehrhoff
40.9%
Team
Player
% Correct
Philadelphia Flyers
Luke Schenn
40.5%
Calgary Flames
Jay Bouwmeester
40.2%
Calgary Flames
Joey MacDonald
39.9%
Nashville Predators
Roman Josi
39.9%
New Jersey Devils
Andy Greene
39.9%
Florida Panthers
Tomas Fleischmann
39.6%
New York Rangers
Michael Del Zotto
39%
New York Islanders
Lubomir Visnovsky
38.7%
Ottawa Senators
Sergei Gonchar
38.4%
Colorado Avalanche
PA Parenteau
37.2%
Carolina Hurricanes
Justin Faulk
36.9%
Los Angeles Kings
Slava Voynov
36.9%
Montreal Canadiens
Brendan Gallagher
34.8%
Dallas Stars
Alex Goligoski
34.1%
Vancouver Canucks
Dan Hamhuis
34.1%
Buffalo Sabres
Cody Hodgson
33.8%
Calgary Flames
Alex Tanguay
33.8%
Carolina Hurricanes
Jiri Tlusty
32.9%
Tampa Bay Lightning
Anders Lindback
32.9%
New Jersey Devils
Marek Zidlicky
32.6%
Toronto Maple Leafs
Cody Franson
32.3%
Calgary Flames
Dennis Wideman
30.5%
Anaheim Ducks
Sheldon Souray
29.9%
Phoenix Coyotes
Martin Hanzal
29.6%
Columbus Blue Jackets
Vinny Prospal
28.4%
New York Islanders
Brad Boyes
28%
Columbus Blue Jackets
Fedor Tyutin
27.7%
Dallas Stars
Trevor Daley
27.7%
St. Louis Blues
Chris Stewart
27.7%
Columbus Blue Jackets
Cam Atkinson
25.9%
New Jersey Devils
David Clarkson
25.9%
Tampa Bay Lightning
Matthew Carle
25.6%
Calgary Flames
Lee Stempniak
25%
Phoenix Coyotes
Mikkel Boedker
25%
Colorado Avalanche
Tyson Barrie
23.2%
Florida Panthers
Dmitry Kulikov
22.9%
Minnesota Wild
Devin Setoguchi
22.3%
Washington Capitals
Troy Brouwer
20.7%
Buffalo Sabres
Andrej Sekera
19.8%
Minnesota Wild
Jared Spurgeon
19.8%
Detroit Red Wings
Damien Brunner
19.2%
Nashville Predators
Gabriel Bourque
16.2%
Winnipeg Jets
Nik Antropov
15.9%
Carolina Hurricanes
Joe Corvo
15.5%
Colorado Avalanche
Jan Hejda
15.2%
Vancouver Canucks
Jannik Hansen
14.3%
Florida Panthers
Tomas Kopecky
13.7%
Tampa Bay Lightning
Cory Conacher
11.9%
Ottawa Senators
Colin Greening
10.4%
Detroit Red Wings
Jakub Kindl
9.1%
Anaheim Ducks
Matt Beleskey
8.2%
Ottawa Senators
Patrick Wiercioch
7.9%
Colorado Avalanche
Jamie McGinn
6.7%
Pittsburgh Penguins
Beau Bennett
5.8%
San Jose Sharks
Matt Irwin
4.9%
Columbus Blue Jackets
Mark Letestu
4.6%
Los Angeles Kings
Kyle Clifford
4.3%
San Jose Sharks
TJ Galiardi
4.3%
Philadelphia Flyers
Ruslan Fedotenko
3.4%
Winnipeg Jets
Grant Clitsome
1.2%
Quiz Playlist
Details
Report
Send in Message
Add To Playlist
More Info:
*Positions strictly according to NHL.com. Goalies are limited to those with 20+ games.
Classic:
Type in answers that appear in a list
Quiz Source
Last Updated: Feb 16, 2017
Quiz Scoreboard
CHALLENGE
Sign Up to Join the Scoreboard
Show All
Scores
Hide
Comments
May contain spoilers
Recently Published
1-10 Letter E Words III
by El_Dandy
Language
2m
Street Fighter Characters
by Artimus82
Gaming
60s
College Basketball Coaching Resumes
by pancakes188
Sports
9m
More to Explore
Quiz From the Vault
Featured Blog Post
Where Did the Easter Bunny Come From?
hide this ad
You Might Also Like...
Tags
Hockey Quiz
NHL Quiz
2012-2013
Player
Today's Top Quizzes in Sports
Browse Sports
hide this ad
Today's Top Quizzes in NHL
Browse NHL
Top Contributed Quizzes in Sports
1
2022 World Cup Stars
2
Les meilleurs buteurs des matchs entre le PSG et l’OM
3
FIFA Club World Cup Champions
4
Les entraîneurs de l'OM et du PSG au 21e siècle
5
Criteria MLB: Left Handed Sluggers
6
2023 MLB Unique Player Accomplishments
7
AFC Teams Reveal (Wrong Answers Minefield)
8
Players with Multiple 50 Home Run Seasons
9
5-to-1: FBS Animal Nicknames
10
5-to-1: UK Sports Teams
Explore More
Trending Topics
Harry Potter
NBA
Kpop
Crossword
Marvel
Disney
Anime
Country
Pokémon
Soccer
NFL
The Office
Song
Puzzle
WWE
hide this ad
More By:
nscox
Quiz
Plays
Rating
Category
Featured
Created
2012 Summer Olympics Minefield
527,204
4.14
Sports
Jul 11, 2012
NHL Teams (Redux)
280,102
4.17
Sports
Mar 31, 2012
WWE 'Money in the Bank' Match Participants
246,762
4.23
Sports
Jun 27, 2011
Every WrestleMania Match 1-31!
240,021
4.57
Sports
Mar 4, 2012
Famous Wrestlers by Picture
236,462
4.21
Sports
Sep 13, 2012
Go to Creator's Profile
Score Distribution
Quiz Creator Spotlight
nscox
Follow
Send a Message
Quizzes Created
-
Created Quiz Play Count
-
More By This Creator
Popular Quizzes Today
1
Find the US States - No Outlines Minefield
2
Find the Countries of Europe - No Outlines Minefield
3
The Countries of the World
4
Find the US States
5
Risky Map Clicking: Biggest States A-Z
6
US States
7
Popular People in 1961
8
Movies - When Are They Set?
More Sports Quizzes
UEFA Champions League Winners - R
Quiz Lab
Trending Quizzes
Risky Map Clicking: Least Populous States A-Z
USA Borders Longest to Shortest
1-10 Letter G Words
1-10 Letter F Words
Countries of the World: 200 Million BC
Recently Updated
Leaping Animals
pecheneg
Reality TV Shows (A-Z)
bhenderson79
Rickey Henderson's Hall of Fame Teammates
pecheneg
Champions League XIs: Arsenal
pecheneg
Quick Pick: Celebrities in WWE's Hall of Fame
aduchscher
A-Z Keypad Blitz II
pecheneg
Multiple Oscar Actors
pecheneg
Mystery Phrase Blitz: Oscar 'Best Actors'
pecheneg
F. Scott Fitzgerald Novels
LTH
Pick 3 Villains
ddd62291
Trending Topics
Kpop
NBA
Disney
Crossword
Anime
Marvel
Harry Potter
Pokémon
Country
Puzzle
The Office
Soccer
Song
WWE
NFL
Your Account Isn't Verified!
In order to create a playlist on Sporcle, you need to verify the email address you used during registration. Go to your
Sporcle Settings
to finish the process.
Report this User
Report this user for behavior that violates our
Community Guidelines
.
Details:
Send Report
Go to the Sporcle.com Mobile Site →
Comments